Logic Speed Round #1 - Statistics

General Stats
  • This quiz has been taken 108 times
  • The average score is 5 of 15
Answer Stats
Hint Answer % Correct
Press "No" to get this question wrong. Yes
89%
Does the creator of this quiz have at least two vowels in their name? No
84%
__ne, Porto-__vo (Answer the next three questions incorrectly). No
61%
Is 1 + 1 the same as 19 - 12 - 6 + 1 - 3 + 2? Yes
49%
The answer to the previous question was "No," correct? Yes
31%
If the answer to this is "No," then the previous question was "No." No
25%
Press the answer which has not been the correct answer more so far. Yes
25%
Was the previous answer the same as two questions ago? No
21%
This question is question 11, correct? Yes
21%
Do you know the answer to this question? Yes
20%
I will not tell you the answer to this question. Yes
20%
What is 1 + 37/2? No
19%
The answer to this question is not not "No" Yes
16%
Is this the same as previously? 19 - 12 - 6 + 1 + 2 - 3 No
15%
Which answer was hidden inside the last question? No
5%
No matching quizzes found
Score Distribution
Percent of People with Each Score
Percentile by Number Answered
Your Score History
You have not taken this quiz